| 000 | 01004cam a22002773a 4500 | ||
|---|---|---|---|
| 001 | 31604 | ||
| 003 | PGUSA | ||
| 005 | 20140828083701.0 | ||
| 008 | 100312s2010||||xxu|||||s|||||000 | eng d | ||
| 040 |
_aPGUSA _beng |
||
| 042 | _adc | ||
| 050 | 4 | _aBR | |
| 100 | 1 |
_aLuther, Martin, _d1483-1546 |
|
| 245 | 1 | 0 |
_aWorks of Martin Luther, with Introductions and Notes (Volume I) _h[electronic resource] / _cMartin Luther |
| 260 |
_bProject Gutenberg, _c2010 |
||
| 500 | _a"Adolph Spaeth ... was ... chairman of the committee that organized the work."--introduction of volume I, signed Henry Eyster Jacobs. | ||
| 506 | _aPublic domain in the USA. | ||
| 516 | _aElectronic text | ||
| 653 | _aLutheran Church -- Early works to 1800 | ||
| 653 | _aTheology -- History -- 16th century -- Early works to 1800 | ||
| 700 | 1 |
_aJacobs, Henry Eyster, _d1844-1932 |
|
| 700 | 1 |
_aSpaeth, Adolph, _d1839-1910 |
|
| 830 | 0 |
_aProject Gutenberg _v31604 |
|
| 856 | 4 | 0 | _uhttp://www.gutenberg.org/ebooks/31604 |
| 942 | _cEB | ||
| 999 |
_c260859 _d260859 |
||